Correctional Services Act 111 of 1998 & regulations and related material (Record no. 143360)

MARC details
000 -LEADER
fixed length control field 00307nam a2200097Ia 4500
082 ## - DEWEY DECIMAL CLASSIFICATION NUMBER
Classification number 344.35068 CORR
008 - FIXED-LENGTH DATA ELEMENTS--GENERAL INFORMATION
fixed length control field 210817s9999 xx 000 0 und d
100 ## - MAIN ENTRY--PERSONAL NAME
Personal name South Africa Cape Town, 2011
9 (RLIN) 42088
245 #0 - TITLE STATEMENT
Title Correctional Services Act 111 of 1998 & regulations and related material
942 ## - ADDED ENTRY ELEMENTS
item type Books
Holdings
Withdrawn status Lost status Damaged status Not for loan Home library Current library Date acquired Cost, normal purchase price Total Checkouts Barcode Date last seen Price effective from item type
        Emakhazeni Main PL (MMID-PLEMA) Emakhazeni Main PL (MMID-PLEMA) 17.08.2021 78.00   33228019935996 17.08.2021 17.08.2021 Books